History Quiz

Random History or Clickable Quiz

20th Century Missing Location Quiz Stats

Quiz Updated Jul 24, 2016

Challenge
Share
Tweet
Embed
Score 0/25 Timer 04:00
13 Plays Today
% Correct
Berlin
94.3%
Pearl Harbor
93.1%
Nuremberg
91.2%
Versailles
91.2%
San Francisco
89.5%
Korean
88.8%
Manhattan
88.6%
Normandy
88.6%
Latvia
87.7%
Barcelona
85.6%
Geneva
85.1%
Warsaw
83.5%
Iran
82.6%
% Correct
Mỹ Lai
82.5%
Pakistan
76.9%
Yalta
70.4%
Camp David
70.2%
Tonkin
67.3%
Pripyat
64%
Czechoslovakia
61.2%
Prague
59%
Sudetenland
53.1%
Kenya
51.1%
Mukden
48%
Cameroon
46.6%

You're not logged in!

Compare scores with friends on all Sporcle quizzes.
Sign Up with Email
OR
Log In

You Might Also Like...

Show Comments

Extras

Top Quizzes Today


Score Distribution

Your Account Isn't Verified!

In order to create a playlist on Sporcle, you need to verify the email address you used during registration. Go to your Sporcle Settings to finish the process.